000 00913cam a2200265 a 4500
001 000019526
005 20200929170039.0
008 100629s1996 sp 000 f spa d
020 _a8420646903
040 _aDO-SdBNP
_bspa
_cBNPHU
082 _a853.914
_bT114u
100 1 _aTabucchi, Antonio,
_d1943-
_941895
245 1 4 _aLos últimos tres días de Fernando Pessoa :
_bun delirio /
_cAntonio Tabucchi ; traducción de Javier González Rovira y Carlos Gumpert Melgosa.
260 _aMadrid :
_bAlianza,
_c1996.
300 _a62 p. ;
_c15 cm.
490 1 _aAlianza cien
_v90
500 _aIncluye datos biográficos del autor en la contracubierta.
650 4 _aNovela italiana
_94322
650 4 _aLiteratura italiana
_93329
700 1 _aGonzález Rovira, Javier,
_etr.
_941896
700 1 _aGumpert Melgosa, Carlos,
_etr.
_941897
830 0 _aAlianza cien;
_v90
_912832
910 _aWM
049 _aBNGR
999 _c19042
_d19042